000 00817nam a2200277Ia 4500
003 OSt
005 20221007120817.0
006 a|||||r|||| 00| 0
007 ta
008 221006b |||||||| |||| 00| 0 eng d
020 _a0815329717 (pbk)
024 _a4781
037 _bN R,
_cTextual
040 _aBDL
_cBDL
_beng
041 _2eng
_aeng
082 _aG11, N8
100 _aAlberts Bruce^eand others
_9710044
245 0 _aEssential cell biology: An introduction to the molecular biology of the cell
260 _aNew
_bYork Garland Publishing, Inc
_c1998
300 _axxii, 630p+vp
_ccm.
500 _aGlossary G1-18; Index I1-I30p
650 _a Cell
_9650605
650 _aBiology
942 _hG11, N8
_cTEXL
_2CC
999 _c1208039
_d1208039